Normal view
MARC view
Entry Término temático
001 - NÚMERO DE CONTROL
- campo de control: 9864
003 - IDENTIFICADOR DEL NÚMERO DE CONTROL
- campo de control: FranzMayer
005 - FECHA Y HORA DE LA ÚLTIMA TRANSACCIÓN
- campo de control: 20190320204425.0
008 - DATOS DE LONGITUD FIJA
- campo de control de longitud fija: 190320|| aca||aabn | a|a d
040 ## - FUENTE DE LA CATALOGACIÓN
- Centro catalogador/agencia de origen: FranzMayer
- Centro/agencia transcriptor: FranzMayer
150 ## - ENCABEZAMIENTO--TÉRMINO DE MATERIA
- Término de materia o nombre geográfico como elemento de entrada: México
- : Historia
- Subdivisión cronológica: 1821-1861.
670 ## - FUENTE DE DATOS ENCONTRADOS
- Cita de la fuente: Work cat.: (FranzMayer): Causa criminal instruida al exmo. Sr. presidente constitucional, general de división Don Antonio López de Santa-Anna, acusado del delito de traición contra la forma de gobierno establecida en las bases orgánicas., 1846